Simpsons Characters Surnames Quiz Stats

 Plays Quiz Updated Sep 13, 2018

Score 0/34 Timer 05:00
3 Plays Today
First Name Last Name % Correct
C. MontgomeryBurns
89.3%
Ned Flanders
87.6%
Kent Brockman
81.1%
Patty and SelmaBouvier
77.5%
Rev. TimothyLovejoy
77.4%
Seymour Skinner
77.2%
RalphWiggum
76%
Mayor 'Diamond' JoeQuimby
74.4%
WaylonSmithers
73.3%
BarneyGumble
72.6%
NelsonMuntz
69.9%
Dr. JuliusHibbert
68.9%
RanierWolfcastle
68.3%
MilhouseVan Houten
66.4%
LionelHutz
64.3%
CarlCarlson
63.8%
TroyMcClure
63.6%
First Name Last Name % Correct
EdnaKrabappel
59%
JimboJones
58.6%
HansMoleman
55.8%
Dr. NickRiviera
55.6%
MoeSzyslak
50.2%
MartinPrince
49%
LennyLeonard
45.9%
OttoMann
34.1%
Herschel 'Krusty'Krustofski
32.9%
Sideshow BobTerwilliger
27.1%
ApuNahasapeemapetilon
25.1%
CookieKwan
22.8%
JasperBeardly
20%
GilGunderson
14.9%
Jeff 'Comic Book Guy'Albertson
12.3%
Lindsey Naegle
10.3%
Sideshow MelVan Horne
7.5%

You're not logged in!

Compare scores with friends on all Sporcle quizzes.
OR
Log In

Sporcle TV

Today on Sporcle TV


Watch our educational content, quiz creation guides, and fun videos on Sporcle TV.

Show Comments

Extras

Top Quizzes Today


Score Distribution

Your Account Isn't Verified!

In order to create a playlist on Sporcle, you need to verify the email address you used during registration. Go to your Sporcle Settings to finish the process.

Report this User

Report this user for behavior that violates our Community Guidelines.

Details: